000 00647nam a2200181Ia 4500
003 GCL
008 140319s9999 xx 000 0 ara d
040 _aGCL /
_cGCL
082 0 4 _aق
_b953.082
_bا د
100 1 _aابراهيم خميس ابراهيم
245 1 0 _aدراسات فى تاريخ مصر البيزنطية /
_cابراهيم خميس ابراهيم
260 _aالقاهرة :
_bدار المعرفة الجامعية ،
_c1996
300 _a202 ص ؛
_c22 سم
490 _aكتاب
_v0
650 0 4 _aالحروب الصليبية
650 0 4 _aالامبراطورية البيزنطية - تاريخ
942 _2ddc
_cBK
999 _c41234
_d41234